Brawl Stars: Tara Skins by Picture - Statistics

General Stats
  • This quiz has been taken 24 times
    9 since last reset
  • The average score is 6 of 9
Answer Stats
Picture Answer % Correct
True Gold Tara
100%
True Silver Tara
100%
Stara
75%
Misfortune Tara
63%
Tempest Tara
63%
Urban Ninja Tara
63%
Ragequit Tara
50%
Street Ninja Tara
50%
Shukuteki Tara
38%
No matching quizzes found
Score Distribution
Percent of People with Each Score
Percentile by Number Answered
Your Score History
You have not taken this quiz since the last reset